Visual Novel Games by Picture - Statistics

General Stats
  • This quiz has been taken 70 times
  • The average score is 7 of 16
Answer Stats
Picture Answer % Correct
Doki-Doki Literature Club!
96%
Phoenix Wright: Ace Attorney
91%
Danganronpa: Trigger Happy Havoc
88%
Steins;Gate
77%
School Days
54%
Higurashi When They Cry
49%
The Song of Saya
47%
Nekopara
46%
Digimon Survive
40%
emily is away
32%
The House in Fata Morgana
26%
Katawa Shoujo
25%
Ever 17: The Out of Infinity
12%
Policenauts
12%
Highway Blossoms
2%
Death end re;Quest 2
0%
No matching quizzes found
Score Distribution
Percent of People with Each Score
Percentile by Number Answered
Your Score History
You have not taken this quiz